000 02660cam a22006734i 4500
003 PE-LiUPU
005 20250731170443.0
008 150625s2007 ag a rb 000 0 spa d
020 _a9875910694
020 _a9789875910690
035 _a(Sirsi) i9789875910690
040 _aPE-LiUPU
_bspa
_cPE-LiUPU
_dPE-LiUPU
_erda
049 _aPRUA
082 0 4 _a153.9
_bM63
_221
100 1 _aMirotti, Miguel Angel,
_eautor.
245 1 0 _aIntroducción al estudio y práctica de las técnicas proyectivas /
_cMiguel Angel Mirotti y Pablo A. J. Liendo.
250 _a2a edición.
264 1 _aCórdoba :
_bBrujas,
_c2007.
300 _a277 páginas :
_bilustraciones ;
_c25 centímetros
336 _atext
_2rdacontent
337 _aunmediated
_2rdamedia
338 _avolume
_2rdacarrier
504 _aIncluye bibliografía.
505 0 _aConceptos básicos para la comprensión y aplicación de las técnicas proyectivas -- Test gráficos -- Test de apercepción temática (T.A.T.) -- Breve introducción al estudio de los test de manchas.
526 _aSEG68
526 _aSEG70
526 _aSEG69
526 _aSEG67
526 _aSEG43
526 _aP144
526 _aP143
526 _aP131
526 _aP122
526 _aP120
526 _aP117
526 _aP112
526 _aP110
526 _aP106
526 _aP101
526 _aP80
526 _aP59
526 _aP54
526 _aP35
526 _aP33
526 _aP30
541 _g001-0030486;
541 _g014-0000458;
650 0 4 _aPruebas de la personalidad.
650 0 4 _aTécnicas proyectivas.
700 1 _aLiendo, Pablo A. J.,
_eautor.
910 _bjv
_cng
_d20090210
942 _2ddc
_cBOOK
949 _a153.9 M63
_wDEWEY
_c1
_i60418
_d2015-8-31
_e2015-8-27
_lCCODEBUL1
_mBUL
_n2
_p25.00
_r0
_sY
_tBOOK
_u2015-6-25
_xSALUD
_PP33
_0COMPRA
_o.STAFF. Colección Ciencias de la Salud
949 _a153.9 M63
_wDEWEY
_c2
_i58958
_d2016-6-22
_e2016-6-19
_lCCODEBUL1
_mBUL
_n7
_p24.00
_r0
_sY
_tBOOK
_u2015-6-25
_xSALUD
_PP33
_0COMPRA
_o.STAFF. Colección Ciencias de la Salud
994 _aC0
_bPEPRU
596 _a1
999 _a153.9 M63
_wDEWEY
_c47794
_i60418
_d47794
_e2018-3-15
_f2021-11-3
_g5
_lCCODEBUL1
_mBUL
_n3
_p25.00
_q1
_r0
_sY
_tBOOK
_u2015-6-25
_xSALUD
_zP33
_0COMPRA
_o.STAFF. Colección Ciencias de la Salud
999 _a153.9 M63
_wDEWEY
_c2
_i58958
_d2019-5-13
_e2019-5-13
_f2021-11-3
_g5
_lCCODEBUL1
_mBUL
_n8
_p24.00
_r0
_sY
_tBOOK
_u2015-6-25
_xSALUD
_zP33
_0COMPRA
_o.STAFF. Colección Ciencias de la Salud
980 _81
_gALBERTO SANCHEZ Responsable de Automatización